[Event "Yerevan ol (Men)"]
[Site "Yerevan"]
[Date "1996.??.??"]
[Round "6"]
[White "Ramesh, RB."]
[Black "Muir, Andrew J"]
[Result "1/2-1/2"]
[WhiteElo "2380"]
[BlackElo "2310"]

1.e4 c5 2.Nf3 Nc6 3.d4 cxd4 4.Nxd4 Nf6 5.Nc3 d6 6.Bg5 e6 7.Qd2 Be7 8.O-O-O O-O
9.f4 Nxd4 10.Qxd4 Qa5 11.Bc4 Bd7 12.e5 dxe5 13.fxe5 Bc6 14.Bd2 Nd7 15.Nd5 Qd8
16.Nxe7+ Qxe7 17.Rhe1 Nb6 18.Bb3 Rfc8 19.Qg4 Bd5 20.Kb1 a5 21.Bg5 Qb4 22.Qxb4 axb4
23.Rd4 Bxb3 24.cxb3 Nd5 25.Bd2 Rc7 26.Bxb4 Nxb4 27.Rxb4 Rac8 28.a4 h5 29.Rbe4 g5
30.R4e2 Rc5 31.Ka2 Kg7 32.Ka3 R8c6 33.Rd2 Rc7 34.b4 Rc4 35.g3 h4 36.gxh4 Rxh4
37.Rg2 Rcc4 38.Rxg5+ Kf8 39.Rg2 Rxb4 40.b3 Rbe4 41.Ree2 Rxe2 42.Rxe2 Ke7
43.a5 f5 44.exf6+ Kxf6 45.b4 e5 46.b5 e4 47.Kb4 e3+ 48.Kc5 Re4 49.Kb6 Re5
50.h4 Kf5 51.h5 Kf4 52.h6 Rh5 53.Rb2 Kf3 54.Kxb7 e2 55.Rxe2 Kxe2 56.Ka6 Kd3
57.b6 Kc4 58.b7 Rxh6+ 59.Ka7 Rh7 60.Ka8 Rh8+ 61.b8=Q Rxb8+ 62.Kxb8 Kb5  1/2-1/2

[Event "Yerevan ol (Women)"]
[Site "Yerevan"]
[Date "1996.??.??"]
[Round "6"]
[White "Hunt, Harriet"]
[Black "Batceceg, Tuvshintogs"]
[Result "1-0"]
[WhiteElo "2315"]
[BlackElo "2040"]

1.e4 c5 2.Nf3 d6 3.d4 cxd4 4.Nxd4 Nf6 5.Nc3 Nc6 6.Bg5 e6 7.Qd2 a6 8.O-O-O h6
9.Be3 Be7 10.f3 Nxd4 11.Qxd4 b5 12.g4 Qa5 13.Kb1 b4 14.Ne2 e5 15.Qd2 Be6
16.Nc1 Qc7 17.h4 d5 18.g5 hxg5 19.hxg5 Rxh1 20.gxf6 gxf6 21.exd5 Rd8 22.Bb5+ axb5
23.Rxh1 Rxd5 24.Qg2 Bf5 25.f4 Rd6 26.Nd3 Rc6 27.fxe5 fxe5 28.Rh8+ Kd7 29.Qd5+ Qd6
30.Nxe5+ Kc7 31.Qxc6+ Qxc6 32.Nxc6 Kxc6 33.Kc1 Be6 34.b3 Bc5 35.Bxc5 Kxc5
36.Kd2 Kd6 37.Rh4 Kc5 38.Ke3 Bd7 39.Ke4 Bc6+ 40.Ke5 Bd5 41.Rh8 Bf3 42.Rh3 Bg4
43.Rh7 Be6 44.Rh8 Bg4 45.Rf8 Be6 46.Re8 Bg4 47.Re7 Bh5 48.Rc7+ Kb6 49.Kd6 Bg6
50.Rc5 Be4 51.Rc8 Bf3 52.Rb8+ Ka6 53.Kc5 Be2 54.Kxb4  1-0

[Event "Yerevan ol (Men)"]
[Site "Yerevan"]
[Date "1996.??.??"]
[Round "8"]
[White "Sarwat, Walaa"]
[Black "Sunthornpongsathorn, Veeraphol"]
[Result "1/2-1/2"]
[WhiteElo "2350"]
[BlackElo "2335"]

1.e4 c5 2.Nf3 d6 3.d4 cxd4 4.Nxd4 Nf6 5.Nc3 Nc6 6.Bg5 e6 7.Qd2 Be7 8.O-O-O a6
9.Nb3 b5 10.Bxf6 gxf6 11.f4 Rg8 12.Kb1 Qc7 13.f5 b4 14.Ne2 e5 15.Qh6 a5 16.Qxh7 Rf8
17.h4 a4 18.Nbc1 Bb7 19.Qh6 a3 20.b3 Nd4 21.Nxd4 Qc3 22.Bb5+ Kd8 23.Nd3 Qxd4
24.Qc1 Bxe4 25.Rhe1 Bxd3 26.Rxd3 Qxh4 27.Qe3 Kc7 28.g3 Qg4 29.c3 Rfb8 30.Bc4 Qxf5
31.cxb4 Rxb4 32.Rc1 Kd7 33.g4 Qh7 34.Ka1 Qh2 35.Rd2 Qf4 36.Qc3 Rxc4 37.bxc4 Bd8
38.c5 Ba5 39.Rxd6+ Ke7 40.Qc4 e4 41.Rd5 Bc7 42.c6 Kf8 43.Rb5 Ra4 44.Qc5+ Kg7
45.g5 e3 46.gxf6+ Qxf6+ 47.Kb1 Qg6+ 48.Qc2 Re4 49.Qc3+ Kg8 50.Ka1 e2 51.Re1 Re6
52.Qxa3 Bg3 53.c7 Bxc7 54.Qc1 Be5+ 55.Rxe5 Rxe5 56.Rg1 e1=Q  1/2-1/2

[Event "Yerevan ol (Men)"]
[Site "Yerevan"]
[Date "1996.??.??"]
[Round "10"]
[White "Nolsoe, Eydun"]
[Black "Dineley, Richard"]
[Result "1/2-1/2"]
[WhiteElo "2160"]
[BlackElo "2255"]

1.e4 c5 2.Nf3 Nc6 3.d4 cxd4 4.Nxd4 Nf6 5.Nc3 d6 6.Bg5 e6 7.Qd2 Be7 8.O-O-O O-O
9.f4 Nxd4 10.Qxd4 Qa5 11.Bc4 Bd7 12.e5 dxe5 13.fxe5 Bc6 14.Bd2 Nd7 15.Nd5 Qd8
16.Nxe7+ Qxe7 17.Rhf1 Rfd8 18.Qf4 Nf8 19.Bd3 Rxd3 20.cxd3 Bxg2 21.Rf2 Bd5
22.Bb4 Qd7 23.Rdf1 Rc8+ 24.Kb1 Rc7 25.Bd6 Ng6 26.Qg4 f5 27.Qd4 a6 28.Rxf5 Bxa2+
29.Kxa2 exf5 30.Qd5+ Kh8 31.Qb3 Rc8 32.d4 Re8 33.Qd3 Ne7 34.Bxe7 Qxe7 35.Rxf5 Qb4
36.Qa3 Qc4+ 37.Ka1 Qc1+  1/2-1/2

[Event "Yerevan ol (Women)"]
[Site "Yerevan"]
[Date "1996.??.??"]
[Round "11"]
[White "Ciuksyte, Dagne"]
[Black "Madl, Ildiko"]
[Result "0-1"]
[WhiteElo "2205"]
[BlackElo "2385"]

1.e4 c5 2.Nf3 Nc6 3.d4 cxd4 4.Nxd4 Nf6 5.Nc3 d6 6.Bg5 e6 7.Qd2 a6 8.O-O-O Bd7
9.f4 h6 10.Bxf6 Qxf6 11.Nf3 Qd8 12.Bd3 Qc7 13.Rhe1 O-O-O 14.Kb1 Kb8 15.Qf2 Qa5
16.Bc4 Qc5 17.Qxc5 dxc5 18.a4 Be7 19.e5 Kc7 20.f5 Rhf8 21.b3 Bc8 22.fxe6 Rxd1+
23.Rxd1 fxe6 24.Ne4 Na5 25.Nd6 Rd8 26.Rf1 Bxd6 27.exd6+ Kxd6 28.Nd2 Ke7 29.Bd3 Rd4
30.Kc1 Bd7 31.g3 Bc6 32.Bg6 Be8 33.Bd3 Bh5 34.Nf3 Nxb3+ 35.Kb2 Bxf3 36.Rxf3 Na5
37.Bg6 Nc4+  0-1

[Event "Yerevan ol (Women)"]
[Site "Yerevan"]
[Date "1996.??.??"]
[Round "11"]
[White "Hagarova, Zuzana"]
[Black "Susterman, Anja"]
[Result "1-0"]
[WhiteElo "2295"]
[BlackElo "2325"]

1.e4 c5 2.Nf3 d6 3.d4 cxd4 4.Nxd4 Nf6 5.Nc3 Nc6 6.Bg5 e6 7.Qd2 a6 8.O-O-O h6
9.Be3 Be7 10.f4 Nxd4 11.Bxd4 b5 12.Bd3 b4 13.Ne2 e5 14.Be3 Qa5 15.Kb1 O-O
16.h3 Rb8 17.g4 Be6 18.Nc1 exf4 19.Bxf4 Nd7 20.Nb3 Qa4 21.g5 hxg5 22.Bxg5 Bxg5
23.Qxg5 Ne5 24.Rhg1 g6 25.Qh6 Rb5 26.h4 Ra5 27.h5 Qxa2+ 28.Kc1 Nf3 29.Rxg6+ fxg6
30.Qxg6+ Kh8 31.Qh6+ Kg8 32.Qxe6+ Rf7 33.Qe8+ Kg7 34.h6+ Kxh6 35.Rh1+ Kg5
36.Qd8+ Kf4 37.Qxa5 Qxa5 38.Nxa5 Rd7 39.Rh6 d5 40.exd5 Rxd5 41.Rxa6 Rh5 42.Kb1 Ne5
43.Rf6+ Kg3 44.Nb3  1-0

[Event "Yerevan op"]
[Site "Yerevan"]
[Date "1996.??.??"]
[Round "11"]
[White "Khalafian, Erua"]
[Black "Darchia, Diana"]
[Result "1/2-1/2"]
[WhiteElo "2115"]
[BlackElo "2055"]

1.e4 c5 2.Nf3 Nc6 3.d4 cxd4 4.Nxd4 Nf6 5.Nc3 d6 6.Bg5 e6 7.Qd2 a6 8.O-O-O Bd7
9.f3 Be7 10.g4 b5 11.h4 Qa5 12.Kb1 O-O-O 13.Be3 Nxd4 14.Bxd4 Bc6 15.g5 Ne8
16.Qe3 Kb7 17.Qf2  1/2-1/2

[Event "Yerevan ol (Men)"]
[Site "Yerevan"]
[Date "1996.??.??"]
[Round "11"]
[White "David, Alberto"]
[Black "Stanec, Nikolaus"]
[Result "1/2-1/2"]
[WhiteElo "2435"]
[BlackElo "2505"]

1.e4 c5 2.Nf3 Nc6 3.d4 cxd4 4.Nxd4 Nf6 5.Nc3 d6 6.Bg5 Bd7 7.Qd2 Rc8 8.O-O-O Nxd4
9.Qxd4 Qa5 10.Bd2 a6 11.f3 g6 12.Kb1 Bg7 13.Nd5 Qa4 14.Nxf6+ Bxf6 15.Qxa4 Bxa4
16.Bd3 Bd7  1/2-1/2

[Event "Yerevan ol (Men)"]
[Site "Yerevan"]
[Date "1996.??.??"]
[Round "12"]
[White "Righi, Egio"]
[Black "Hernandez, H."]
[Result "1-0"]
[WhiteElo "2120"]
[BlackElo "2240"]

1.e4 c5 2.Nf3 Nc6 3.d4 cxd4 4.Nxd4 Nf6 5.Nc3 d6 6.Bg5 e6 7.Qd2 a6 8.O-O-O h6
9.Be3 Bd7 10.f3 Qc7 11.g4 Be7 12.h4 O-O-O 13.Qf2 Kb8 14.Ndb5 axb5 15.Bb6 Qc8
16.Nxb5 Ne8 17.Rd3 Nb4 18.Bc7+ Qxc7 19.Qa7+ Kc8 20.Rc3 Bxb5 21.Qa8+ Kd7 22.Rxc7+ Nxc7
23.Bxb5+ Nc6 24.Qxb7 Rb8 25.Bxc6+  1-0

[Event "Yerevan ol (Men)"]
[Site "Yerevan"]
[Date "1996.??.??"]
[Round "12"]
[White "Agnos, Demetrios"]
[Black "Ortiz, E."]
[Result "0-1"]
[WhiteElo "2515"]
[BlackElo "2205"]

1.e4 c5 2.Nf3 Nc6 3.d4 cxd4 4.Nxd4 Nf6 5.Nc3 d6 6.Bg5 e6 7.Qd2 Be7 8.O-O-O O-O
9.Nb3 Qb6 10.f3 Rd8 11.Kb1 a6 12.Be3 Qc7 13.Qf2 Nd7 14.g4 b5 15.Bd3 Bb7 16.g5 Nce5
17.h4 Rac8 18.h5 b4 19.Ne2 d5 20.g6 Bf6 21.Bd4 hxg6 22.hxg6 Nxg6 23.Qg2 dxe4
24.fxe4 Bxd4 25.Nbxd4 Nde5 26.Qh3 Qb6 27.Nf3 Nxd3 28.cxd3 Qe3 29.Nc1 a5 30.Ka1 Bxe4
31.Qh7+ Kf8 32.Nh4 Bxh1 33.Nxg6+ fxg6 34.Qxh1 Kg8 35.Re1 Qh6 36.Qg1 a4 37.d4 a3
38.Nb3 Qh3 39.Re3 Qf5 40.bxa3 bxa3 41.Rg3 Rf8  0-1

[Event "Yerevan ol (Women)"]
[Site "Yerevan"]
[Date "1996.??.??"]
[Round "12"]
[White "Dworakowska, Joanna"]
[Black "Wang Lei"]
[Result "0-1"]
[WhiteElo "2295"]
[BlackElo "2340"]

1.e4 c5 2.Nf3 d6 3.d4 cxd4 4.Nxd4 Nf6 5.Nc3 Nc6 6.Bg5 e6 7.Qd2 a6 8.O-O-O h6
9.Bf4 Bd7 10.Nxc6 Bxc6 11.f3 d5 12.Qe1 Bb4 13.a3 Ba5 14.Bd2 d4 15.Ne2 Bc7
16.h4 Rc8 17.Bc3 e5 18.Ng3 h5 19.Kb1 g6 20.Bd2 Nd7 21.Bg5 f6 22.Bc1 Bd6 23.f4 exf4
24.Ne2 d3 25.Rxd3 Nc5 26.Nxf4 Nxd3 27.Bxd3 Bxf4 28.Bxf4 O-O 29.Qg3 Kh7 30.Bd2 Qc7
31.e5 f5 32.Qg5 Qg7 33.Re1 Bb5 34.Bxb5 axb5 35.e6 Rfe8 36.e7 Rc4 37.Bb4 Qf7
38.Rd1 Rxb4 39.axb4 Rxe7 40.Qd2 Qc4 41.Qd8 Qxb4 42.g3 Qe4 43.b3 b4 44.Rd7 Rxd7
45.Qxd7+ Kg8 46.Qd8+ Kf7 47.Qd7+ Qe7 48.Qd2 Kg7 49.Qf4 Qe1+ 50.Ka2 Qe4 51.Qc7+ Kf6
52.Qd6+ Kf7 53.Qd7+ Qe7 54.Qd2 Qe5 55.Qd3 Ke6 56.Kb1 Qd6 57.Qe3+ Kd7 58.Kc1 Kc6
59.Kb1 Kd7 60.Kc1 Qe7 61.Qd4+ Kc6 62.Kb2 Qd6 63.Qe3 b6 64.Kc1 Kd7 65.Kb1 Kc7
66.Kc1 Qc5 67.Qf4+ Kc6 68.Qg5 Qg1+ 69.Kb2 Qd4+ 70.Kb1 Qd1+ 71.Kb2 Qd6 72.Qe3 Kd5
73.Kb1 Qe5 74.Qd2+ Kc5 75.Qg5 Qe6 76.Qd2 Qe4 77.Qg5 Qe8 78.Qd2 Qe6 79.Qf2+ Kc6
80.Qd2 Qd6 81.Qe3 Qf6 82.Qf4 Qe7 83.Qd2 b5 84.Qg2+ Qe4 85.Qd2 Qg4 86.Qe3 Qd1+
87.Kb2 Kd5 88.Qe8 Qd4+ 89.Ka2 Qc5 90.Qe2 Qa7+ 91.Kb2 Qd4+ 92.Ka2 Qa7+ 93.Kb2 Qg7+
94.Kb1 Kc5 95.Qe6 Kd4 96.Qd6+ Ke3 97.Qxb4 Qd7 98.Qf4+ Ke2 99.Qb4 Qd1+ 100.Kb2 Qd4+  0-1

[Event "Yerevan ol (Men)"]
[Site "Yerevan"]
[Date "1996.??.??"]
[Round "13"]
[White "Stefansson, Hannes"]
[Black "Wang Zili"]
[Result "1/2-1/2"]
[WhiteElo "2560"]
[BlackElo "2535"]

1.e4 c5 2.Nf3 d6 3.d4 cxd4 4.Nxd4 Nf6 5.Nc3 Nc6 6.Bg5 e6 7.Qd2 a6 8.O-O-O h6
9.Bf4 Bd7 10.Nxc6 Bxc6 11.f3 d5 12.Qe1 Bb4 13.a3 Ba5 14.b4 Bb6 15.exd5 Bxd5
16.Be5 O-O 17.Qh4 a5 18.Bxf6 Qxf6 19.Qxf6 gxf6 20.b5 Rfd8 21.Na4 Be3+ 22.Kb2 e5
23.Bd3 Kf8 24.Be4 Bc4 25.Bxb7 Rxd1 26.Rxd1 Rb8 27.Bc6 Bxb5 28.Bxb5 Rxb5+
29.Kc3 h5 30.Rd8+ Kg7 31.Kd3 Bc1 32.Nc3 Rb7 33.a4 Rb4 34.Na2 Rb1 35.Nxc1 Rxc1
36.Rd5 Rg1 37.c4 Rd1+ 38.Ke4 Re1+ 39.Kd3 Rd1+ 40.Kc2 Rxd5 41.cxd5 f5 42.Kd3 h4
43.Kc4 Kf8 44.Kb5 e4 45.fxe4 fxe4 46.Kb6 e3 47.d6 e2 48.d7 e1=Q 49.d8=Q+ Kg7
50.Qg5+ Kh7 51.Ka6 Qb4 52.Qxa5 Qc4+ 53.Ka7 Qd4+ 54.Kb8 Qd6+ 55.Kc8 Qc6+ 56.Kb8 Qe8+
57.Kb7 Qe7+ 58.Qc7 Qb4+ 59.Kc8 Qxa4 60.Qxf7+ Kh6 61.Qe6+ Kg5 62.Qd5+ Kf4
63.Kd8 Qe4 64.Qd6+ Ke3 65.g3 Qd4 66.Qxd4+ Kxd4 67.gxh4  1/2-1/2

[Event "Yerevan ol (Men)"]
[Site "Yerevan"]
[Date "1996.??.??"]
[Round "13"]
[White "Peng Xiaomin"]
[Black "Thorhallsson, Throstur"]
[Result "1/2-1/2"]
[WhiteElo "2490"]
[BlackElo "2480"]

1.e4 c5 2.Nf3 d6 3.d4 cxd4 4.Nxd4 Nf6 5.Nc3 Nc6 6.Bg5 e6 7.Qd2 a6 8.O-O-O h6
9.Be3 Be7 10.f4 Nxd4 11.Bxd4 b5 12.Kb1 Bb7 13.Bd3 O-O 14.e5 dxe5 15.fxe5 Nd7
16.Ne4 Bxe4 17.Bxe4 Rc8 18.Qe2 Qc7 19.c3 Rfd8 20.h4 Bc5 21.g4 g6 22.h5 g5
23.Rhf1 Nf8 24.a3 Qa7 25.Qf2 Bxd4 26.cxd4 Qe7 27.Qe3 Kg7 28.Rf6 Rd7 29.d5 exd5
30.Bf5 d4 31.Qe4 Rc5 32.Bxd7 Rxe5 33.Rxf7+ Kxf7 34.Qf3+ Qf6 35.Bf5 Re7 36.Qd5+ Kg7
37.Rxd4 Re1+ 38.Ka2 Re7 39.Re4 Rxe4 40.Qxe4 Qd6 41.Bc8 Kf6 42.Qa8 Ke7 43.Qe4+ Kd8
44.Bf5 Nd7 45.Qa8+ Kc7 46.Qa7+ Kd8 47.Qa8+ Kc7 48.Qa7+ Kd8  1/2-1/2

[Event "Yerevan ol (Women)"]
[Site "Yerevan"]
[Date "1996.??.??"]
[Round "13"]
[White "Segal, Anna"]
[Black "Wang Lei"]
[Result "0-1"]
[WhiteElo "2295"]
[BlackElo "2340"]

1.e4 c5 2.Nf3 d6 3.d4 cxd4 4.Nxd4 Nf6 5.Nc3 Nc6 6.Bg5 e6 7.Bb5 Bd7 8.Nxc6 bxc6
9.Bd3 Be7 10.O-O O-O 11.e5 dxe5 12.Bxf6 Bxf6 13.Qf3 g6 14.Rad1 Be7 15.Rfe1 Qc7
16.Qg3 Rab8 17.b3 Rfc8 18.Bc4 c5 19.Ne4 Bb5 20.Bxb5 Rxb5 21.c4 Rbb8 22.Nc3 Rd8
23.Nb5 Rxd1 24.Rxd1 Rd8 25.Qf3 Rxd1+ 26.Qxd1 Qb7 27.g3 a6 28.Nc3 f5 29.Qd2 Qc7
30.Ne2 Kg7 31.h3 Bf6 32.a3 Be7 33.Qb2 Kf7 34.Qd2 Ke8 35.Qh6 Qd7 36.Kg2 Qb7+
37.Kh2 Qxb3 38.Qxh7 Qf3 39.Qxg6+ Kd7 40.Ng1 Qxf2+ 41.Kh1 e4 42.h4 e3 43.h5 e2
44.Nxe2 Qxe2 45.h6 Qg4 46.Qg7 Qg5 47.Kg2 f4 48.g4 Ke8 49.Qh8+ Kd7 50.Kf3 Qh4
51.h7 Qg3+ 52.Ke2 f3+ 53.Kd2 Qh2+ 54.Ke3 f2 55.Qa8 Qxh7  0-1

[Event "Yerevan ol (Men)"]
[Site "Yerevan"]
[Date "1996.??.??"]
[Round "14"]
[White "David, Alberto"]
[Black "Garcia, Raul"]
[Result "1/2-1/2"]
[WhiteElo "2435"]
[BlackElo "2285"]

1.e4 c5 2.Nf3 Nc6 3.d4 cxd4 4.Nxd4 Nf6 5.Nc3 d6 6.Bg5 e6 7.Qd2 a6 8.O-O-O h6
9.Be3 Be7 10.f3 Nxd4 11.Bxd4 e5 12.Be3 Be6 13.h4 Rc8 14.Kb1 Qa5 15.Nd5 Qxd2
16.Rxd2 Nxd5 17.exd5 Bd7 18.Bd3 h5 19.Bg5 f5 20.Be3 Kf7 21.c4 Bf6 22.Rc2 Rhe8
23.b4 e4 24.fxe4 fxe4 25.Be2 g6 26.c5 Kg7 27.a3 Ba4 28.Rcc1 Bb3 29.Bc4 Bxc4
30.Rxc4 Rcd8 31.c6 Rc8 32.Rhc1 b5 33.R4c2 Bxh4 34.a4 Bf6 35.axb5 axb5 36.Ra2 Re5
37.Ra7+ Kg8 38.Bd4 Rf5 39.Bxf6 Rxf6 40.Re1 Re8 41.Rd7 Rf7 42.Rxd6 Kg7 43.Kc2 e3
44.Kd3 Rfe7 45.Kd4 Re4+ 46.Kc5 e2 47.Re6 R8xe6 48.dxe6 Kf6 49.Kxb5 Kxe6 50.Kc5 g5
51.b5 Re5+ 52.Kb6 Kd6 53.Ka6 h4 54.b6  1/2-1/2

[Event "Zalakaros op"]
[Site "Zalakaros"]
[Date "1996.??.??"]
[Round "3"]
[White "Tolnai, Tibor"]
[Black "Turzo, Attila"]
[Result "1-0"]
[WhiteElo "2450"]
[BlackElo "2360"]

1.e4 c5 2.Nf3 Nc6 3.d4 cxd4 4.Nxd4 Nf6 5.Nc3 d6 6.Bg5 e6 7.Qd3 a6 8.O-O-O h6
9.Bh4 g5 10.Bg3 Ne5 11.Qd2 Bd7 12.h4 Rg8 13.hxg5 hxg5 14.f3 Qc7 15.Bf2 b5
16.Be3 g4 17.Bg5 Bg7 18.a3 Rc8 19.Bxb5 axb5 20.Ndxb5 Bxb5 21.Nxb5 Qc5 22.Nxd6+ Ke7
23.f4 Nc4 24.Nxc4 Qxc4 25.e5 Rgd8 26.Qb4+ Qxb4 27.axb4 Rd5 28.Rxd5 exd5 29.exf6+  1-0

[Event "Zalakaros op"]
[Site "Zalakaros"]
[Date "1996.??.??"]
[Round "5"]
[White "Meszaros, Robert"]
[Black "Turzo, Attila"]
[Result "0-1"]
[WhiteElo "2090"]
[BlackElo "2360"]

1.e4 c5 2.Nf3 Nc6 3.d4 cxd4 4.Nxd4 Nf6 5.Nc3 d6 6.Bg5 e6 7.Qd2 a6 8.O-O-O Bd7
9.f3 Rc8 10.Kb1 b5 11.h4 Be7 12.g4 h5 13.gxh5 Nxh5 14.Rg1 Nf6 15.Bh3 Ne5
16.Qg2 Nc4 17.Rge1 Qc7 18.Nd5 exd5 19.exd5 Kf8 20.Ne6+ fxe6 21.dxe6 Be8 22.Bxf6 Bxf6
23.e7+ Bxe7 24.Bxc8 Qxc8 25.f4 Bf7 26.h5 Rxh5 27.Rh1 Rxh1 28.Rxh1 Ne3 29.Qe4 Qxc2+
30.Qxc2 Nxc2 31.Rh8+ Bg8 32.Kxc2 g6 33.b3 Kg7 34.Rh3 b4 35.Kd3 d5 36.Kd4 Bd6
37.Rf3 Be6 38.Re3 Kf6 39.Rf3 Kf5 40.Ke3 Bc5+ 41.Kd3 Bd7 42.Rg3 Kxf4  0-1

[Event "Zalakaros op"]
[Site "Zalakaros"]
[Date "1996.??.??"]
[Round "8"]
[White "Wells, Peter K"]
[Black "Groszpeter, Attila"]
[Result "0-1"]
[WhiteElo "2495"]
[BlackElo "2565"]

1.e4 c5 2.Nf3 d6 3.d4 cxd4 4.Nxd4 Nf6 5.Nc3 Nc6 6.Bg5 e6 7.Qd2 a6 8.O-O-O h6
9.Be3 Bd7 10.f4 b5 11.Bd3 Qc7 12.Kb1 Na5 13.e5 b4 14.Ncb5 axb5 15.exf6 Nc4
16.Bxc4 Qxc4 17.Nb3 gxf6 18.Bc5 Bc6 19.Bxb4 Be4 20.Na5 Qc7 21.Qe2 d5 22.Qxb5+ Qd7
23.Qb6 Bxb4 24.Qxb4 Qc7 25.Qb5+ Kf8 26.Nc6 Kg7 27.Rhe1 Rhc8 28.Rxe4 dxe4
29.Nd4 Qxf4 30.Qe2 Qe5 31.c3 f5 32.Rf1 Rcb8 33.b4 Rb6 34.Qe3 Rba6 35.Rf2 Qd5
36.Nb3 Qe5 37.g4 Kh7 38.gxf5 exf5 39.Nd4 Rf6 40.Rf4 Rg8 41.Kb2 Rg2+ 42.Kb3 Qd5+
43.c4 Qe5 44.b5 Rd6 45.Rxf5 Qxd4 46.Qxd4 Rxd4 47.b6 Rd1  0-1

[Event "ESP-ch"]
[Site "Zamora"]
[Date "1996.??.??"]
[Round "6"]
[White "De la Villa Garcia, Jesus Maria"]
[Black "Estremera Panos, Sergio"]
[Result "1-0"]
[WhiteElo "2525"]
[BlackElo "2385"]

1.e4 c5 2.Nf3 d6 3.d4 cxd4 4.Nxd4 Nf6 5.Nc3 Nc6 6.Bg5 e6 7.Qd2 a6 8.O-O-O Bd7
9.f3 Rc8 10.Kb1 Be7 11.h4 b5 12.g4 Ne5 13.Bd3 b4 14.Nce2 a5 15.Be3 Qc7 16.Ng3 O-O
17.g5 Ne8 18.f4 Nc4 19.Bxc4 Qxc4 20.f5 a4 21.f6 gxf6 22.gxf6 Bxf6 23.Nh5 Be5
24.Nf3 b3 25.Nxe5 bxc2+ 26.Ka1 cxd1=Q+ 27.Rxd1 dxe5 28.Bh6 Kh8 29.Bxf8 Qc2
30.Qe1 a3 31.Bxa3 Ba4 32.Rb1 Bb5 33.b3 Qc3+ 34.Qxc3 Rxc3 35.Bb2 Rf3 36.Bxe5+ f6
37.Bb8 Kg8 38.Rg1+ Kf7 39.Rg3 Rf1+ 40.Kb2 e5 41.Rc3 Rf2+ 42.Ka3 Rh2 43.Ng3 Rxh4
44.Kb4 Ba6 45.Ka5 Bb7 46.Kb6 Ba8 47.Ka7 Bxe4 48.Rc4 f5 49.Nxf5 Rf4 50.Bxe5 Rxf5
51.Rxe4 Ke6 52.Bb8+ Kd7 53.a4 Rf7 54.b4 Nf6 55.Rf4 Kc8+ 56.Ka8 Kd7 57.Be5  1-0

[Event "ESP-ch"]
[Site "Zamora"]
[Date "1996.??.??"]
[Round "9"]
[White "De la Villa Garcia, Jesus Maria"]
[Black "Bernal Moro, Luis Javier"]
[Result "1/2-1/2"]
[WhiteElo "2525"]
[BlackElo "2455"]

1.e4 c5 2.Nf3 d6 3.d4 cxd4 4.Nxd4 Nf6 5.Nc3 Nc6 6.Bg5 h6 7.Bxf6 gxf6 8.Be2 Qb6
9.Nb3 f5 10.Nd5 Qd8 11.exf5 Bxf5 12.O-O Bg7 13.Re1 e6 14.Ne3 Bg6 15.c3 Qc7
16.Nd4 O-O 17.Qd2 d5 18.Nd1 h5 19.Ne3 Nxd4 20.cxd4 Rac8 21.Rad1 Qb6 22.f4 Bh6
23.g3 Rc7 24.Rc1 Rfc8 25.Rxc7 Rxc7 26.h4 Be4 27.Kf1 f5 28.Rc1 Rxc1+ 29.Qxc1 Qxd4
30.Qc8+ Kh7 31.Qxe6 Qxe3 32.Qf7+ Bg7 33.Qxh5+ Kg8 34.Qe8+ Kh7 35.Qh5+  1/2-1/2

[Event "Zlin op"]
[Site "Zlin"]
[Date "1996.??.??"]
[Round "?"]
[White "Kalod, Radek"]
[Black "Goloshchapov, Alexander"]
[Result "1-0"]
[WhiteElo "2380"]
[BlackElo "2455"]

1.e4 c5 2.Nf3 Nc6 3.d4 cxd4 4.Nxd4 Nf6 5.Nc3 d6 6.Bg5 e6 7.Qd2 a6 8.O-O-O h6
9.Be3 Be7 10.f4 Nxd4 11.Bxd4 b5 12.Bd3 b4 13.Na4 Rb8 14.e5 Nd5 15.Be4 O-O
16.Kb1 Bb7 17.Rhe1 Qa5 18.b3 Rfd8 19.Bxd5 Bxd5 20.Qf2 Qb5 21.Qg3 Qc6 22.Rd2 g6
23.exd6 Bf8 24.f5 Bxd6 25.Qh4 e5 26.fxg6 f6 27.Qxh6 Rd7 28.Nb6 Bf8 29.Qh5 Rxb6
30.Bxb6 Bg7 31.Be3 Be4 32.Rc1 f5 33.Qh7+ Kf8 34.Rxd7 Qxd7  1-0

[Event "Zlin op"]
[Site "Zlin"]
[Date "1996.??.??"]
[Round "4"]
[White "Urbanec, Ladislav"]
[Black "Drbohlav, Frantisek"]
[Result "0-1"]
[WhiteElo "2260"]
[BlackElo "2170"]

1.e4 c5 2.Nf3 d6 3.d4 Nf6 4.Nc3 cxd4 5.Nxd4 Nc6 6.Bg5 e6 7.Qd2 a6 8.f4 h6
9.Bxf6 Qxf6 10.Nf3 Qd8 11.O-O-O Be7 12.g4 Qc7 13.Bc4 Bd7 14.Bb3 O-O-O 15.Rhe1 Kb8
16.Nd5 exd5 17.exd5 Bxg4 18.dxc6 Bxf3 19.Rxe7 Qxe7 20.Re1  0-1

[Event "Zlin op"]
[Site "Zlin"]
[Date "1996.??.??"]
[Round "8"]
[White "Krejci, Jakub"]
[Black "Mokos, Jozef"]
[Result "1/2-1/2"]
[WhiteElo "2185"]
[BlackElo "2240"]

1.e4 c5 2.Nf3 Nc6 3.d4 cxd4 4.Nxd4 Nf6 5.Nc3 d6 6.Bg5 e6 7.Qd2 a6 8.O-O-O h6
9.Be3 Be7 10.f4 Qc7 11.Bd3 Bd7 12.Kb1 b5 13.h3 Na5 14.Qf2 Nc4 15.Bxc4 bxc4
16.g4 Rb8 17.Bc1 Qa5 18.Ka1 g6 19.g5 hxg5 20.fxg5 Nh5 21.h4 Qc5 22.Rhf1 Rh7
23.Qf3 Bc8 24.Nde2 Bf8 25.Nf4 Nxf4 26.Qxf4 Rb7 27.Rf3 Rd7 28.Rh1 Bg7 29.Rfh3 Qe5
30.Qf1 Qc5 31.h5 gxh5 32.Rxh5 Rxh5 33.Rxh5 Rb7 34.Rh3 Qd4 35.Qg2 Kd8 36.g6 fxg6
37.Qxg6 Kc7 38.Be3 Qf6 39.Qg2 Kb8 40.Rf3 Qe7 41.Bg5 Qc7 42.Bf6 Bxf6 43.Rxf6 Qb6
44.b3 Qd4 45.Rf3 Rc7 46.Kb2 d5 47.Qg3 Kb7 48.exd5 cxb3 49.axb3 exd5 50.Rd3 Qf6
51.Rxd5 Qg7 52.Qe3 Qf6 53.Re5 Qc6 54.Re4 Qf6 55.Rf4 Qe6 56.Qg3 Qd7 57.Kb1 Qc6
58.Kb2 Qd7 59.Qh2 Ka8 60.Qf2 Qd6 61.Rf6 Qc5 62.Qxc5 Rxc5 63.b4 Re5 64.Rf7 Kb8
65.Rg7 Bb7 66.Kb3 Bc6 67.Rh7 Rf5 68.Re7 a5 69.bxa5 Rxa5 70.Kb4 Rf5  1/2-1/2

[Event "Weihnachts op"]
[Site "Zuerich"]
[Date "1996.??.??"]
[Round "1"]
[White "Sherwin, James T"]
[Black "Eidinger, Helmut"]
[Result "1-0"]
[WhiteElo "2320"]
[BlackElo "2155"]

1.Nf3 c5 2.e4 Nc6 3.d4 cxd4 4.Nxd4 Nf6 5.Nc3 d6 6.Bg5 e6 7.Qd2 Nxd4 8.Qxd4 Be7
9.O-O-O O-O 10.f4 h6 11.Bh4 Qa5 12.Kb1 e5 13.fxe5 dxe5 14.Qe3 Be6 15.Bxf6 Bxf6
16.Nd5 Bg5 17.Qg3 Rac8 18.h4 Bf4 19.Qf3 Rfd8 20.g3 Bd2 21.Bh3 Bxd5 22.exd5 Rc5
23.Rhf1 Rc7 24.c3 Qxd5 25.Qxd5 Rxd5 26.Kc2 Ra5 27.Rxd2 Rxa2 28.Rd8+ Kh7 29.h5 Ra6
30.Bf5+ g6 31.Bd3 Re6 32.hxg6+ fxg6 33.Be4 h5 34.Rff8 Kh6 35.Rde8 Ree7 36.Rxe7 Rxe7
37.Rf6 Rg7 38.Kd3 Kg5 39.Re6 Kg4 40.Rxg6+ Rxg6 41.Bxg6 Kxg3 42.Bxh5 Kf4 43.Bg6 a5
44.Be4 b6 45.Bc6 Kf5 46.Ke3 Ke6 47.c4 Kd6 48.Ba4 Kc5 49.b3 Kd6 50.Ke4 Ke6
51.Be8 Kf6 52.Kd5 Kf5 53.Bh5 e4 54.Kc6  1-0

[Event "Hallsberg opJ32"]
[Site "Hallsberg"]
[Date "1997.01.04"]
[Round "8"]
[White "Berg, Emanuel"]
[Black "Ernst, Thomas"]
[Result "1/2-1/2"]
[WhiteElo "2215"]
[BlackElo "2390"]

1.e4 c5 2.Nf3 d6 3.d4 cxd4 4.Nxd4 Nf6 5.Nc3 Nc6 6.Bg5 e6 7.Qd2 a6 8.O-O-O Bd7
9.Qe1 Nxd4 10.Rxd4 Qa5 11.f4 Be7 12.Bc4 h6 13.Bxf6 gxf6 14.Bb3 O-O-O 15.Kb1 Kb8
16.Qe2 h5 17.Rhd1 f5 18.exf5 Qxf5 19.Ne4 Bb5 20.c4 Bc6 21.Bc2 Qxf4 22.Nxd6 Qxh2
23.Nxf7 Rxd4 24.Rxd4 Bf6 25.Rd1 Re8 26.Nd6 Rd8 27.Qxe6 Qe5 28.Qxe5 Bxe5 29.Nf7 Rxd1+
30.Bxd1 Bf4 31.Bxh5 Be4+ 32.Ka1 Bxg2 33.Nd8 Be3 34.Nf7 Bf1 35.Nd6 Bf4 36.c5 b6
37.Ne4 Bg2 38.Bg6 Bxe4 39.Bxe4 bxc5  1/2-1/2

[Event "Hoogovens-B"]
[Site "Wijk aan Zee"]
[Date "1997.01.26"]
[Round "5"]
[White "David, Alberto"]
[Black "Riemersma, Liafbern"]
[Result "1/2-1/2"]
[WhiteElo "2455"]
[BlackElo "2435"]

1.e4 c5 2.Nf3 d6 3.d4 Nf6 4.Nc3 cxd4 5.Nxd4 Nc6 6.Bg5 e6 7.Qd2 a6 8.O-O-O h6
9.Be3 Be7 10.f4 Nxd4 11.Bxd4 b5 12.Kb1 b4 13.Na4 Nxe4 14.Qe1 Nf6 15.g4 O-O
16.g5 hxg5 17.Nb6 gxf4 18.Nxa8 Bb7 19.Rg1 Bxa8 20.Bd3 e5 21.Bxe5 dxe5 22.Qxe5 g6
23.Bc4 Nd5 24.Bxd5 Bxd5 25.Rxd5 Qb6 26.Rdd1 Bc5 27.Rg5 Rd8 28.Rf1 Be3 29.h4 f3
30.Rg3 Bd4 31.Qe4 f2 32.h5 Qb5 33.Rd3 Re8 34.Qh4 g5 35.Qg3  1/2-1/2

[Event "Hoogovens-B"]
[Site "Wijk aan Zee"]
[Date "1997.01.30"]
[Round "8"]
[White "David, Alberto"]
[Black "Cifuentes Parada, Roberto"]
[Result "1/2-1/2"]
[WhiteElo "2455"]
[BlackElo "2515"]

1.e4 d6 2.Nc3 c5 3.Nge2 Nc6 4.d4 cxd4 5.Nxd4 Nf6 6.Bg5 Bd7 7.Qd2 Rc8 8.O-O-O Nxd4
9.Qxd4 Qa5 10.Bd2 g6 11.a3 Bg7 12.Nd5 Qa4 13.Bc3 Qxd4 14.Bxd4 Ba4 15.Nxf6+ Bxf6
16.Bxf6 exf6 17.Rd2 Ke7 18.Bd3 Rc5 19.c3 Rhc8 20.Bc2 Bxc2 21.Kxc2 f5 22.exf5 Rxf5
23.Re1+ Re5 24.Rde2 Kf6 25.f4 Re6 26.Kd3 Kf5 27.g4+ Kxg4 28.Rxe6 fxe6 29.Rxe6 Rc7
30.Ke3 d5 31.Re5 Rd7 32.Rg5+ Kh3 33.Kf3 d4 34.Rg3+ Kh4 35.Rg4+ Kh3 36.Rg3+ Kh4
37.Rg4+  1/2-1/2

[Event "Beersheba 16th"]
[Site "Beersheba"]
[Date "1997.02.27"]
[Round "4"]
[White "Dvoirys, Semen I"]
[Black "Avrukh, Boris"]
[Result "1-0"]
[WhiteElo "2590"]
[BlackElo "2520"]

1.e4 c5 2.Nf3 d6 3.d4 cxd4 4.Nxd4 Nf6 5.Nc3 Nc6 6.Bg5 e6 7.Qd2 a6 8.O-O-O h6
9.Be3 Be7 10.f4 Nxd4 11.Bxd4 b5 12.Bd3 b4 13.Ne2 e5 14.Be3 Qa5 15.Kb1 O-O
16.Rhf1 Rd8 17.Qe1 Be6 18.b3 d5 19.Ng3 exf4 20.Bxf4 dxe4 21.Nxe4 Nd5 22.Be5 Bf8
23.Qg3 Rac8 24.Nf6+ Nxf6 25.Rxf6 Rc5 26.Re1 Rdd5 27.Rxe6 Rxd3 28.Qxd3 fxe6
29.Bb2 Rc6 30.Qe4 Qd5 31.Qxd5 exd5 32.Kc1 Kf7 33.Rf1+ Ke8 34.Rf5 Rd6 35.Kd2 Be7
36.Kd3 g6 37.Rf2 Re6 38.Bg7 Bc5 39.Bd4 Bd6 40.h3 Ke7 41.Bg7 g5 42.Kd4 Rg6
43.Be5 g4 44.h4 g3 45.Re2 Ke6 46.Bh8+ Kd7 47.Kxd5 Be7 48.Re4 Rd6+ 49.Kc4 Rd2
50.Rd4+ Rxd4+ 51.Kxd4 Bxh4 52.Be5 h5 53.Kd5 Be7 54.Bxg3 Bf6 55.Bd6 Bc3 56.Bc5 a5
57.Bb6 a4 58.bxa4 Kc8 59.Kc6  1-0